[Event "Barcelona Tres Peons 48th"]
[Site "Barcelona"]
[Date "2019.01.18"]
[Round "2.7"]
[White "Corominas Garrido, Jordi"]
[Black "Casabona Fina, David"]
[Result "1-0"]
[WhiteElo "1742"]
[BlackElo "1495"]
[PlyCount "73"]
[EventDate "2019.01.11"]
[EventType "swiss"]
[EventRounds "8"]
[EventCountry "ESP"]
[SourceTitle "EXT 2024"]
[Source "ChessBase"]
[SourceDate "2023.10.10"]
[SourceVersion "1"]
[SourceVersionDate "2023.10.10"]
[SourceQuality "1"]

1. c4 c5 2. Nc3 e5 3. g3 Nf6 4. Bg2 Be7 5. Nf3 d6 6. 0-0 0-0 7. d3 Bg4 8. h3 Bd7 9. Rb1 Qc8 10. Kh2 Bc6 11. a3 a5 12. e4 Bd7 13. Bg5 Qd8 14. b4 axb4 15. axb4 Na6 16. bxc5 Nxc5 17. Bxf6 Bxf6 18. Qc2 Bc6 19. Ra1 Qd7 20. Nd2 Na4 21. Nxa4 Bxa4 22. Qb2 b5 23. Rfb1 Rfb8 24. cxb5 Rxb5 25. Rxa4 Rxa4 26. Qxb5 Qxb5 27. Rxb5 g5 28. Nc4 Ra6 29. Rb6 Rxb6 30. Nxb6 Be7 31. Bf3 Bf8 32. Bg4 Kg7 33. Nd5 h6 34. h4 f6 35. Bh5 Kh8 36. Kh3 Kg7 37. Kg4 1-0

[Event "Barcelona Tres Peons-F 46th"]
[Site "Barcelona"]
[Date "2017.05.26"]
[Round "6.1"]
[White "Bertrand, Sjors"]
[Black "Casabona Fina, David"]
[Result "1-0"]
[WhiteElo "1700"]
[BlackElo "1700"]
[PlyCount "97"]
[EventDate "2017.04.21"]
[EventType "swiss"]
[EventRounds "9"]
[EventCountry "ESP"]
[SourceTitle "EXT 2024"]
[Source "ChessBase"]
[SourceDate "2023.10.10"]
[SourceVersion "1"]
[SourceVersionDate "2023.10.10"]
[SourceQuality "1"]

1. e4 e5 2. Nf3 Nc6 3. Bc4 h6 4. d4 exd4 5. Nxd4 Ne5 6. Bb3 Nf6 7. 0-0 Bc5 8. Nc3 0-0 9. Nd5 Nxd5 10. Bxd5 c6 11. Bb3 d5 12. Nf3 Bg4 13. exd5 Nxf3+ 14. gxf3 Bh3 15. Bf4 cxd5 16. Re1 Qb6 17. Be3 d4 18. Bf4 d3 19. Bg3 dxc2 20. Qxc2 Rac8 21. Qe4 Rcd8 22. Rad1 Rxd1 23. Rxd1 Be6 24. Bc2 f5 25. Qe5 Be7 26. Re1 Bf6 27. Qxe6+ Qxe6 28. Rxe6 Bxb2 29. Re7 f4 30. Bh4 g5 31. Rxb7 Bd4 32. Rd7 Bb6 33. Rd6 gxh4 34. Rxh6 Kf7 35. Rxh4 Ke6 36. Bb3+ Ke5 37. Rh5+ Kd4 38. h4 Kc3 39. Rh7 Bd4 40. h5 a5 41. h6 Rh8 42. Rc7+ Kb2 43. h7 a4 44. Bg8 a3 45. Kg2 Bc3 46. Kh3 Kc2 47. Kg4 Kd3 48. Kxf4 Ke2 49. Rxc3 1-0